Adhunik aru uttar-adhunik paribhasakosh (Record no. 10301)

MARC details
000 -LEADER
fixed length control field 00556cam a2200205ua 4500
001 - CONTROL NUMBER
control field 11479
005 - DATE AND TIME OF LATEST TRANSACTION
control field 20260515114746.0
008 - FIXED-LENGTH DATA ELEMENTS--GENERAL INFORMATION
fixed length control field 190923n ii |||gr||||Z||||||asm
020 ## - INTERNATIONAL STANDARD BOOK NUMBER
International Standard Book Number 9789381485026
040 ## - CATALOGING SOURCE
Transcribing agency MAIN
082 ## - DEWEY DECIMAL CLASSIFICATION NUMBER
Classification number 491.45103
100 ## - MAIN ENTRY--PERSONAL NAME
Personal name Imran Hussain,
Relator term Author.
245 ## - TITLE STATEMENT
Title Adhunik aru uttar-adhunik paribhasakosh
Statement of responsibility, etc. By Imran Hussain
250 ## - EDITION STATEMENT
Edition statement 1st ed.
260 ## - PUBLICATION, DISTRIBUTION, ETC.
Place of publication, distribution, etc. Guwahati:
Name of publisher, distributor, etc. Jyoti prakashan,
Date of publication, distribution, etc. 2011.
300 ## - PHYSICAL DESCRIPTION
Extent 320p.
653 ## - INDEX TERM--UNCONTROLLED
Uncontrolled term East Indo-European & Celtic languages
653 ## - INDEX TERM--UNCONTROLLED
Uncontrolled term Anglo-Assamese dictionary
942 ## - ADDED ENTRY ELEMENTS (KOHA)
Koha item type Books
Holdings
Withdrawn status Lost status Damaged status Not for loan Home library Current library Shelving location Date acquired Total checkouts Full call number Barcode Date last seen Copy number Price effective from Koha item type
        Naharkatiya College Library Naharkatiya College Library General stacks 09/19/2020   491.45103Assamese language | HUS 26787 09/19/2020 1 09/19/2020 Books
        Naharkatiya College Library Naharkatiya College Library General stacks 09/19/2020   491.45103Assamese language | HUS 26788 09/19/2020 2 09/19/2020 Books